000
00185 a2200097 4500
001
14721
100
_a
Rafi-ud-Din
245
_a
260
_a
London
_b
Methurn
_c
090
_c
11502
_d
11502
942
_a
NUST-CAE
_c
_c
1673
999
_c
249794
_d
249794